V občanoch treba obnoviť dôveru v investovanie do cenných papierov

M. Sásik z BCPB a J. Benian zo Strediska cenných papierov SR hodnotia vývoj kapitálového trhu na Slovensku v r. 1995 a charakterizujú jeho súčasné potreby. Zmeny, ktoré priniesla novelizácia zákona o cenných papieroch. Nízka likvidita slovenského kapitálového trhu a nedostatočná informovanosť o jeho...

Descrizione completa

Salvato in:
Dettagli Bibliografici
Autore principale: Žitňanský, R.
Natura: Capitolo di libro
Lingua:slovacco
Soggetti:
Tags: Aggiungi Tag
Nessun Tag, puoi essere il primo ad aggiungerne!!

MARC

LEADER 00000naa a2200000 4500
001 r019530
005 20230921074409.9
041 0 |a slo 
044 |a SK 
245 1 0 |a V občanoch treba obnoviť dôveru v investovanie do cenných papierov  |c R. Žitňanský 
520 |a M. Sásik z BCPB a J. Benian zo Strediska cenných papierov SR hodnotia vývoj kapitálového trhu na Slovensku v r. 1995 a charakterizujú jeho súčasné potreby. Zmeny, ktoré priniesla novelizácia zákona o cenných papieroch. Nízka likvidita slovenského kapitálového trhu a nedostatočná informovanosť o jeho účastníkoch. SCP SR je evidenčným strediskom kapitálového trhu. Pripravuje sa na emitovanie družstevných podielnických listov. 
610 2 0 |a Slovensko 
610 2 0 |a trh kapitálový 
610 2 0 |a BCP Bratislava 
610 2 0 |a SCP SR Bratislava 
610 2 0 |a legislatíva 
610 2 0 |a papiere cenné 
610 2 0 |a 1995 
100 1 |a Žitňanský, R.